000 00424cam a22001457a 4500
008 180718b1970 xxu||||| |||| 00| 0 eng d
082 _aA6x5433 Sa73
100 _aSarhadi, Ajit Singh
245 _aPunjabi Suba: the story of the struggle
_cby Ajit Singh Sarhadi
260 _aDelhi
_bU.G. Kapur
_c1970
300 _a529p.
500 _aRs.45.00
650 _aBoundaries, State - India - Punjab
650 _aPunjab - History
999 _c374854
_d374854